Intertextuality

Bewaard in:
Bibliografische gegevens
Hoofdauteur: Allen, Graham (Auteur)
Formaat: Boek
Taal:Engels
Gepubliceerd in: Londres Routledge 2000
Editie:1a. ed
Reeks:The New Critical Idiom
Onderwerpen:
Tags: Voeg label toe
Geen labels, Wees de eerste die dit record labelt!

MARC

LEADER 00000nam a2200000 a 4500
001 UCN0820
003 CL-VaPUC
008 010330e20000000UK |||||||||||||||||eng|d
020 |a 9780415174756 
082 0 4 |a 809  |b ALL  |2 21 
100 0 |a Allen, Graham  |e author  |9 456062 
245 1 0 |a Intertextuality 
250 |a 1a. ed 
300 |a 238 p 
942 |c BK 
945 |d 20010330 00:00:00  |a vberengu 
260 |a Londres  |b Routledge  |c 2000 
650 0 |a Intertextualidad   |9 456063 
583 |a last modification  |c 20140410 07:34:35  |k Rodrigo Vera 
490 0 |a The New Critical Idiom 
999 |c 294444  |d 294442 
952 |0 0  |1 0  |4 0  |6 809_000000000000000_ALL_2000  |7 0  |8 A  |9 346871  |a FDOPOS  |b FDOPOS  |d 2019-11-20  |i 3700445  |o 809 ALL 2000  |p 3700445  |r 2025-01-22  |w 2019-11-20  |y BK  |k MLA 
952 |0 0  |1 0  |4 0  |6 809_000000000000000_ALL_2000  |7 0  |8 A  |9 346872  |a FDOPOS  |b FDOPOS  |d 2019-11-20  |i 4654609  |o 809 ALL 2000  |p 4654609  |r 2025-01-22  |w 2019-11-20  |y BK  |k DLA 
952 |0 0  |1 0  |4 0  |6 809_000000000000000_ALL_2000  |7 0  |8 A  |9 346873  |a FDOPOS  |b FDOPOS  |d 2019-11-20  |i 4691660  |o 809 ALL 2000  |p 4691660  |r 2025-01-22  |w 2019-11-20  |y BK  |k DLA